Music Artists by Song - I - Statistics

General Stats
  • This quiz has been taken 83 times
  • The average score is 3 of 9
Answer Stats
Songs Artist % Correct
Believer / Demons / Thunder Imagine Dragons
83%
It Was A Good Day / You Know How We Do It / Check Yo Self Ice Cube
53%
Black Widow / Fancy / Work Iggy Azalea
53%
The Trooper / Fear of the Dark / Run to the Hills Iron Maiden
48%
Boy's a liar Pt. 2 / Did It First / Barbie World Ice Spice
36%
For Good / No Good Deed / As Long As You're Mine Idina Menzel
11%
Over the Rainbow / White Sandy Beach of Hawai'i / What A Wonderful World Israel Kamakawiwo'ole
11%
I Don't Want To Set The World On Fire / Into Each Life Some Rain Must Fall / We'll Meet Again The Ink Spots
8%
i'm yours / older / Favorite Isabel LaRosa
6%
No matching quizzes found
Score Distribution
Percent of People with Each Score
Percentile by Number Answered
Your Score History
You have not taken this quiz